ARRUPE JESUIT UNIVERSITY

CORONAVIRUS -STOP THE SPREAD - CLEAN,DISINFECT,COVER

Passing for white: (Record no. 125382)

MARC details
000 -LEADER
fixed length control field 00944cam a2200301 4500
001 - CONTROL NUMBER
control field 4544692
003 - CONTROL NUMBER IDENTIFIER
control field ARRUPE
005 - DATE AND TIME OF LATEST TRANSACTION
control field 20160928090611.0
008 - FIXED-LENGTH DATA ELEMENTS--GENERAL INFORMATION
fixed length control field 701130s1970 enk b 001 0 eng
010 ## - LIBRARY OF CONGRESS CONTROL NUMBER
LC control number 70018522
015 ## - NATIONAL BIBLIOGRAPHY NUMBER
National bibliography number B70-23868
020 ## - INTERNATIONAL STANDARD BOOK NUMBER
International Standard Book Number 0422733407
040 ## - CATALOGING SOURCE
Original cataloging agency DLC
Transcribing agency DLC
Modifying agency DLC
043 ## - GEOGRAPHIC AREA CODE
Geographic area code f-sa---
050 00 - LIBRARY OF CONGRESS CALL NUMBER
Classification number DT763
Item number .W36 1970
082 00 - DEWEY DECIMAL CLASSIFICATION NUMBER
Classification number 370.19/34
300 ## - PHYSICAL DESCRIPTION
Dimensions 22 cm.
100 1# - MAIN ENTRY--PERSONAL NAME
Personal name Watson, Graham.
9 (RLIN) 26295
245 10 - TITLE STATEMENT
Title Passing for white:
Remainder of title a study of racial assimilation in a South African school.
Statement of responsibility, etc Graham Watson
260 ## - PUBLICATION, DISTRIBUTION, ETC. (IMPRINT)
Place of publication, distribution, etc London,
-- New York,
Name of publisher, distributor, etc Tavistock Publications,
Date of publication, distribution, etc 1970.
300 ## - PHYSICAL DESCRIPTION
Extent xvii, 130 p.
350 ## - PRICE (NR) (BK AM CF MU VM SE) [OBSOLETE]
Price 36/-
500 ## - GENERAL NOTE
General note Distributed in the USA by Barnes & Noble.
504 ## - BIBLIOGRAPHY, ETC. NOTE
Bibliography, etc Bibliography: p. 119-123.
650 #0 - SUBJECT ADDED ENTRY--TOPICAL TERM
Topical term or geographic name as entry element Colored people (South Africa)
9 (RLIN) 26296
650 #0 - SUBJECT ADDED ENTRY--TOPICAL TERM
Topical term or geographic name as entry element Passing (Identity)
Geographic subdivision South Africa.
9 (RLIN) 26297
906 ## - LOCAL DATA ELEMENT F, LDF (RLIN)
a 7
b cbc
c orignew
d 2
e ncip
f 19
g y-gencatlg
942 ## - ADDED ENTRY ELEMENTS (KOHA)
Source of classification or shelving scheme Library of Congress Classification
Koha item type Monograph ( Printed materials)
Holdings
Withdrawn status Lost status Source of classification or shelving scheme Damaged status Not for loan Collection code Home library Current library Shelving location Date acquired Total Checkouts Full call number Barcode Date last seen Price effective from Koha item type
    Library of Congress Classification     Main Collection ARRUPE LIBRARY ARRUPE LIBRARY Main Collection 28/09/2016   DT763 .W36 1970 46500010672 07/12/2017 28/09/2016 Monograph ( Printed materials)

 

Arrupe Library. PO Box MP320 Mt Pleasant, Harare, Zimbabwe
263 242 745411|librarian@aju.ac.zw